| 000 | 00971cam a22002894a 4500 | ||
|---|---|---|---|
| 999 |
_c186 _d186 |
||
| 001 | 12918152 | ||
| 003 | OSt | ||
| 005 | 20180809124714.0 | ||
| 008 | 020905n2001 gw b 000 0 eng | ||
| 010 | _a 2002438011 | ||
| 020 | _a8174750363 | ||
| 040 |
_aDLC _cDLC _dDLC |
||
| 042 | _apcc | ||
| 050 | 0 | 0 |
_aBT821.3 _b.H67 2001 |
| 082 | 0 | 0 |
_a236 _221 _bE161H |
| 100 | _aEber, Jochen | ||
| 245 | 0 | 0 |
_aHope does not disappoint : _bstudies in eschatology / _ceditor, Jochen Eber. |
| 260 |
_aBangalore : _bTheological Book Trust ; _aWheaton, Ill. : _bWorld Evangelical Fellowship, Theological Commission, _c2001. |
||
| 300 |
_a356 p. ; _c22 cm. |
||
| 504 | _aIncludes bibliographical references. | ||
| 650 | 0 | _aEschatology. | |
| 650 | 0 |
_aHope _xReligious aspects _xChristianity. |
|
| 700 | 1 | _aEber, Jochen. | |
| 906 |
_a7 _bcbc _corignew _d2 _encip _f20 _gy-gencatlg |
||
| 942 |
_2ddc _cBK |
||